El manjar de los dioses / (Record no. 184370)

MARC details
000 -LEADER
campo de control de longitud fija 01066nam a2200301 i 4500
001 - NÚMERO DE CONTROL
campo de control 184370
003 - IDENTIFICADOR DE NÚMERO DE CONTROL
campo de control ES-MaACL
005 - FECHA Y HORA DE LA ÚLTIMA TRANSACCIÓN
campo de control 20231030183230.0
008 - DATOS DE LONGITUD FIJA--INFORMACIÓN GENERAL
campo de control de longitud fija 150727s1993 sp a |||| | spa d
020 ## - NÚMERO INTERNACIONAL ESTÁNDAR DEL LIBRO
Número Internacional Estándar del Libro 84-7509-967-X
080 ## - NÚMERO DE LA CLASIFICACIÓN DECIMAL UNIVERSAL
Número de la Clasificación Decimal Universal 613.83(091):29
080 ## - NÚMERO DE LA CLASIFICACIÓN DECIMAL UNIVERSAL
Número de la Clasificación Decimal Universal 930.85
100 1# - ENTRADA PRINCIPAL--NOMBRE DE PERSONA
Nombre de persona McKenna, Terence.
9 (RLIN) 157155
245 13 - MENCIÓN DEL TÍTULO
Título El manjar de los dioses /
Mención de responsabilidad, etc. Terence McKenna ; [traducción de Fernando Pardo Gella].
246 3# - FORMA VARIANTE DEL TITULO
Texto de visualización Subt.
Título propio/Titulo breve La búsqueda del árbol de la ciencia del bien y del mal
Resto del título . Una historia de las plantas, las drogas y la evolución humana
250 ## - MENCION DE EDICION
Mención de edición 1ª ed.
260 ## - PUBLICACIÓN, DISTRIBUCIÓN, ETC.
Lugar de publicación, distribución, etc. Barcelona :
Nombre del editor, distribuidor, etc. Paidós Ibérica,
Fecha de publicación, distribución, etc. 1993.
300 ## - DESCRIPCIÓN FÍSICA
Extensión 340 p. :
Otras características físicas il. ;
Dimensiones 24 cm.
490 1# - MENCIÓN DE SERIE
Mención de serie Paidós contextos ;
Designación de volumen o secuencia 16
500 ## - NOTA GENERAL
Nota general Índice.
500 ## - NOTA GENERAL
Nota general Glosario.
504 ## - NOTA DE BIBLIOGRAFÍA, ETC.
Nota de bibliografía, etc. Bibliografía: p. [319]-328.
650 07 - PUNTO DE ACCESO ADICIONAL DE MATERIA--TÉRMINO DE MATERIA
Término de materia o nombre geográfico como elemento de entrada Drogas-
Subdivisión general Consumo-
Subdivisión de forma Historia.
9 (RLIN) 11982
650 04 - PUNTO DE ACCESO ADICIONAL DE MATERIA--TÉRMINO DE MATERIA
Término de materia o nombre geográfico como elemento de entrada Civilización-
Subdivisión general Historia
9 (RLIN) 11082
830 0# - PUNTO DE ACCESO ADICIONAL DE SERIE-TÍTULO UNIFORME
Título uniforme Paidós contextos ;
Designación de volumen o secuencia 16
9 (RLIN) 179772
852 ## - LOCALIZACIÓN
Ubicación ES-MaACL
Número de control de estantería L-30123
Nota libre .- Donat. Miguel A. Velasco
Holdings
Estatus retirado Estado de pérdida Estado de daño No para préstamo Biblioteca de origen Biblioteca actual Ubicación en estantería Fecha de adquisición Fuente de adquisición Total de préstamos Signatura topográfica completa Código de barras Visto por última vez Precio de reemplazo Tipo de ítem Koha
        Biblioteca del Ateneo de Madrid Biblioteca del Ateneo de Madrid Depósito 2 27/07/2015     L-30123 1193974 23/02/2023 23/02/2023 Libro impreso